000 00415 a2200157 4500
020 _a0729534146
082 _a808.06615
090 _c6574
_d6574
100 _aO'Shea,Robert P.
245 _aWriting for Psychology.
_bAn Introductory guide for students.
_cRobert P.O'shea
250 _a3rd.
260 _aSydney.
_bHarcourt.
_c1953.
300 _a142p.
500 _aHard cover
942 _aNBS
_cBK
_k808.06615 OSH
999 _c348932
_d348932